000 00373nam a2200133Ia 4500
005 20260328104316.0
008 260328s9999||||xx |||||||||||||| ||und||
100 _aArquitectos de Ecuador
245 0 _aXII Bienal de Arquitectura de Quito /
_cArquitectos de Ecuador
260 _bColegio de Arquitectos de Ecuador
300 _a139 p.
650 _aECUADOR
942 _cBK
999 _c11169
_d11169